| 000 | 00588nam a2200193Ia 4500 | ||
|---|---|---|---|
| 003 | GCL | ||
| 008 | 140319s9999 xx 000 0 ara d | ||
| 040 |
_aGCL / _cGCL |
||
| 082 | 0 | 4 |
_a920 _bأ ع |
| 100 | 1 | _aيوسف زيدان | |
| 245 | 1 | 0 |
_aعبدالكريم الجبلى فيلسوف الصوفية / _cيوسف زيدان |
| 260 |
_a[S.N] : _bالهيئة المصرية العامة للكتاب |
||
| 300 | _a266 | ||
| 490 |
_aاعلام العرب _v0 |
||
| 650 | 0 | 4 | _aالاسلام |
| 650 | 0 | 4 | _aالتصوف |
| 650 | 0 | 4 | _aعبدالكريم الجبلى |
| 942 |
_2ddc _cBK |
||
| 999 |
_c30778 _d30778 |
||